000 00471nam a2200193Ia 4500
005 20250425161550.0
008 250425s9999 xx 000 0 und d
020 _a0444418288
041 _aeng
082 _a627.042
100 _aSTEPHENSON, DAVID
245 0 _aROCKFILL IN HYDRAULIC ENGINEERING
250 _a1ST ED.
260 _aAMSTERDAM
260 _aPaĆ­ses Bajos, Holanda
_bELSEVIER SCIENTIFIC
_c1979
300 _a215
942 _c01
010 _a23159
999 _c211734
_d211734